00791cam a2200241Ia 4500020002700000020003000027020002700057020003000084020002900114020003200143040000800175082002600183245004700209246002400256246001800280260010600298300005300404500002200457650002400479650001600503650001400519650001600533 a0886879116 (hardcover) a9780886879112 (hardcover) a0886879108 (softcover) a9780886879105 (softcover) a0886879353 (Otabind ed.) a9780886879358 (Otabind ed.) cNRK 4a317 WOR 2004 A020 Or.04aThe World almanac and book of facts, 2004.3 aWorld almanac, 200430aBook of facts aNew York, N.Y. :bWorld Almanac Books :bDistributed to the Book trade by St. Martin's Press,cc2004. a1008 p. :bill. (some col.), col. maps ;c26 cm. aIncludes indexes. 0aAlmanacs, American. 0aStatistics. 2aAlmanacs. 2aStatistics.